| 000 | 00520nam a2200133Ia 4500 | ||
|---|---|---|---|
| 008 | 171212s9999 xx 000 0 und d | ||
| 020 | _a9781921536144 | ||
| 100 | _aTcherkezoff, Serge;Douaire-Marsaudon, Françoise | ||
| 245 |
_cTcherkezoff, Serge;Douaire-Marsaudon, Françoise _aThe Changing South Pacific _bIdentities and Transformations |
||
| 260 |
_bANU E Press _c2008 |
||
| 650 | _aEthnology -- Oceania; Oceania -- Politics and government | ||
| 650 | _aSociology | ||
| 856 | _uwww.jstor.org/stable/10.2307/j.ctt24hc9m | ||
| 999 |
_c351349 _d351349 |
||